| 000 | 00587nam a22001697a 4500 | ||
|---|---|---|---|
| 005 | 20251108173310.0 | ||
| 008 | 250721s2006 xx 000 0 ara d | ||
| 082 | 1 | 4 | _a371.334/ حلف |
| 100 | 1 | _aالحلفاوي، وليد سالم محمد | |
| 245 | 1 | 0 | _aمستحدثات تكنولوجيا التعليم في عصر المعلوماتية / |
| 264 | 1 |
_aعمان : _bدار الفكر ناشرون وموزعون، _c2006. |
|
| 300 | _a272ص. | ||
| 650 | 1 | 7 | _aتكنولوجيا التعلم |
| 650 | 1 | 7 | _aالتنمية التربوية |
| 942 |
_2ddc _cBK |
||
| 999 |
_c100677 _d100677 |
||